| 000 | 01133cam a22003255i 4500 | ||
|---|---|---|---|
| 999 |
_c129603 _d129603 |
||
| 001 | 17905220 | ||
| 003 | ARRUPE | ||
| 005 | 20190521084639.0 | ||
| 008 | 131008s2013 rh b 000 0 eng | ||
| 010 | _a 2013439411 | ||
| 020 | _a9780797456334 | ||
| 040 |
_aDLC _beng _cDLC _erda _dDLC |
||
| 042 |
_alcode _apcc |
||
| 043 | _af-rh--- | ||
| 050 | 0 | 0 |
_aBL65.P7 _bP735 2013 |
| 245 | 0 | 0 |
_aPrayers and players : _breligion and politics in Zimbabwe / _cedited by Ezra Chitando. |
| 260 |
_aHarare _bSapes Books _c2013 |
||
| 300 |
_axv, 240 p. ; _c24 cm |
||
| 440 |
_aCulture and society series _946395 |
||
| 504 | _aIncludes bibliographical references. | ||
| 650 | 0 |
_aReligion and politics _zZimbabwe. _946396 |
|
| 650 | 0 |
_aReligion and state _zZimbabwe. _946397 |
|
| 651 | 0 |
_aZimbabwe _xPolitics and government. _946398 |
|
| 700 | 1 |
_aChitando, Ezra. _918721 |
|
| 856 | 4 | 1 |
_3Table of contents only _uhttp://www.loc.gov/catdir/toc/fy16pdf01/2013439411.html |
| 906 |
_a7 _bibc _corigode _d3 _encip _f20 _gy-gencatlg |
||
| 942 |
_2lcc _cMONOGRAPH |
||